|
|
|
|
| LEADER |
00000cam a22000004a 4500 |
| 001 |
musev2_9967 |
| 003 |
MdBmJHUP |
| 005 |
20230905041135.0 |
| 006 |
m o d |
| 007 |
cr||||||||nn|n |
| 008 |
080730s2009 msu o 00 0 eng d |
| 010 |
|
|
|z 2008033338
|
| 020 |
|
|
|a 9781604733549
|
| 020 |
|
|
|z 1604732113
|
| 020 |
|
|
|z 1604733543
|
| 020 |
|
|
|z 9781604732115
|
| 035 |
|
|
|a (OCoLC)468765156
|
| 040 |
|
|
|a MdBmJHUP
|c MdBmJHUP
|
| 050 |
0 |
4 |
|a PS3511.A86
|b Z7832113 2006
|
| 082 |
0 |
|
|a 813/.52
|2 22
|
| 245 |
1 |
0 |
|a Global Faulkner /
|c edited by Annette Trefzer and Ann J. Abadie.
|
| 264 |
|
1 |
|a Jackson :
|b University Press of Mississippi,
|c 2009.
|
| 264 |
|
3 |
|a Baltimore, Md. :
|b Project MUSE,
|c 2012
|
| 264 |
|
4 |
|c ©2009.
|
| 300 |
|
|
|a 1 online resource (224 pages).
|
| 336 |
|
|
|a text
|b txt
|2 rdacontent
|
| 337 |
|
|
|a computer
|b c
|2 rdamedia
|
| 338 |
|
|
|a online resource
|b cr
|2 rdacarrier
|
| 504 |
|
|
|a Includes bibliographical references and index.
|
| 505 |
0 |
|
|a Introduction / Annette Trefzer -- Note on the conference -- Many mansions: Faulkner's Cold War conflicts / John T. Matthews -- From colony to empire: postmodern Faulkner / Leigh Anne Duck -- The fetish of surplus value; or, What the ledgers say / Melanie R. Benson -- On the tragedies and comedies of the new world Faulkner / George B. Handley -- Blood on the leaves, blood at the root: ritual carriers and sacrificial crises of transition in Yoknapatawpha and Oyo / Keith Cartwright -- Reading Faulkner in Spain, reading Spain in Faulkner / Manuel Broncano -- The global/local nexus of patriarchy: Japanese writers encounter Faulkner / Takako Tanaka -- Artificial women, the Pygmalion paradigm, and Faulkner's Gordon in Mosquitoes / Mario Materassi -- Almost feminine, almost brother, almost Southern: the transnational queer figure of Charles Bon in Faulkner's Absalom, Absalom! / Elizabeth Steeby -- Fear of a black Atlantic? African passages in Absalom, Absalom! and The last slaver / Jeff Karem -- Faulkner and me / Tierno Monenembo.
|
| 588 |
|
|
|a Description based on print version record.
|
| 600 |
1 |
0 |
|a Faulkner, William,
|d 1897-1962
|x Political and social views
|v Congresses.
|
| 650 |
|
0 |
|a Modernism (Literature)
|v Congresses.
|
| 650 |
|
0 |
|a Comparative literature
|v Congresses.
|
| 650 |
|
0 |
|a Regionalism in literature
|v Congresses.
|
| 650 |
|
0 |
|a Literature and globalization
|v Congresses.
|
| 655 |
|
7 |
|a Electronic books.
|2 local
|
| 700 |
1 |
|
|a Abadie, Ann J.
|
| 700 |
1 |
|
|a Trefzer, Annette,
|d 1960-
|
| 710 |
2 |
|
|a Project Muse.
|e distributor
|
| 830 |
|
0 |
|a Book collections on Project MUSE.
|
| 856 |
4 |
0 |
|z Texto completo
|u https://projectmuse.uam.elogim.com/book/9967/
|
| 945 |
|
|
|a Project MUSE - Custom Collection
|
| 945 |
|
|
|a Project MUSE - Archive Complete Foundation
|
| 945 |
|
|
|a Project MUSE - Archive Literature Foundation
|